000 00435nam a22001337a 4500
008 140212b xxu||||| |||| 00| 0 eng d
050 _aBX1750.N44K41 1993
100 _aKer, Ian
_98611
245 _aHealing the wound of humanity
_bthe spirituality of John Henry Newman /
_cIan Ker
260 _aLondon
_bDarton, Longman and Todd
_c1993
300 _a128p. ; 22cm.
600 _aNewman, John Henry
_98612
942 _2lcc
_cMONOGRAPH
999 _c120039
_d120039